Indefinite Definitions V Quiz Stats

Quiz Updated Oct 8, 2015

Challenge
Share
Tweet
Embed
Score 0/35 Timer 07:00
0 Plays Today
% Correct
Fastening operated by a key or a combination
96.7%
Set of actors in a dramatic production
92.7%
Throw out a lure with a fishing rod
90.2%
Bag or bundle of objects carried on the back
89.8%
Engage in sport or recreation
89.7%
Perform music on an instrument
88.9%
Hold in wrestling secured on one part of the body
88.9%
Set of written, printed, or blank sheets bound together into a volume
88.4%
Stage representation of an action or story
88.2%
Gun cartridge that is filled with powder but that does not contain a bullet
87.8%
Empty or featureless place or space
87.4%
Rigid casing used for immobilizing a usually diseased or broken part
87.4%
Group of often predatory animals of the same kind
87.1%
Large elongate long-snouted freshwater bony fish
87%
Press or crowd together within
86.6%
Appearing dazed, confounded, or nonplussed
86.4%
Reserve in advance
86.2%
Enclosure with gates at each end used in raising or lowering boats
85.6%
% Correct
Fiddle around with something
84.3%
Enter an official charge against on a police register
84.1%
Business of giving odds and taking bets
83.8%
Full set of playing cards
82.1%
Dash substituting for an omitted word
81.5%
Body position used in diving
79.3%
Heavy spear with a very long shaft
79%
Tuft, tress, or ringlet of hair
78.4%
Hill or mountain with a pointed summit
70.7%
Hold an opponent scoreless
69.4%
Note the name or number of a player for a serious infraction of the rules
68.9%
Toll road or highway
68.8%
Move or series of moves calculated to arouse friendly feelings
67.5%
Wet absorbent material for therapeutic application to the body
57.9%
Mechanism for exploding the charge or cartridge of a firearm
54.6%
Calculate by means of astrology
52.7%
Excrement of an earthworm
47.5%

You're not logged in!

Compare scores with friends on all Sporcle quizzes.
Sign Up with Email
OR
Log In

You Might Also Like...

Show Comments

Extras

Top Quizzes Today


Score Distribution

Your Account Isn't Verified!

In order to create a playlist on Sporcle, you need to verify the email address you used during registration. Go to your Sporcle Settings to finish the process.